The Safety Dance Lyrics (by Men Without Hats) - Statistics

General Stats
  • This quiz has been taken 19 times
  • The average score is 275 of 352
Answer Stats
Lyric % Correct
dance
100%
dance,
100%
the
100%
A
95%
an
95%
And
95%
and
95%
can
95%
don't
95%
don't,
95%
I
95%
if
95%
If
95%
no
95%
they
95%
to
95%
want
95%
We
95%
we
95%
when
95%
you
95%
your
95%
of
89%
Well,
89%
well,
89%
behind
84%
friends
84%
leave
84%
Leave
84%
mine
84%
so
84%
they're
84%
They're
84%
'Cause
79%
go
79%
out
79%
Safety
79%
safety
79%
where
79%
place
74%
this
74%
will
74%
Everybody
68%
From
68%
from
68%
find
63%
is
63%
never
63%
one
63%
Say,
63%
say,
63%
world
63%
am
58%
at
58%
chance
58%
hands
58%
it
58%
it,
58%
like
58%
Night
58%
Oh
58%
Oh,
58%
our
58%
taking
58%
act
53%
all
53%
control
53%
doing
53%
look
53%
young
53%
come
47%
far
47%
feet
47%
imbecile
47%
yes,
47%
Everybody's
42%
Everything's
42%
real
42%
sing
42%
As
37%
as
37%
hats
37%
it's
37%
It's
37%
nobody
37%
pole
37%
Because
32%
dress
32%
neat
32%
We're
32%
with
32%
yeah
32%
gonna
26%
got
26%
Or
26%
removed
26%
rude
26%
totally
26%
lose
21%
right
21%
victory
21%
Ah
16%
cry
16%
'em
16%
life
16%
long
16%
abuse
11%
Everything'll
11%
suprise
11%
We've
11%
work
11%
No matching quizzes found
Score Distribution
Percent of People with Each Score
Percentile by Number Answered
Your Score History
You have not taken this quiz